000 00349nam a2200145Ia 4500
005 20240823064457.0
008 240823s9999||||xx |||||||||||||| ||und||
082 _A778.59 N5
100 _a"Luther,Arch C"
245 0 _aUsing Digital Video
260 _c1995
_b"AP Professional,B"
500 _aYES
650 _aVideo
_bElectronics
942 _cNB
999 _c240808
_d240808